Une phrase pour une chanson : Bigflo et Oli - Statistiques

Statistiques générales
  • Ce quiz a été pris 111 fois
  • Le résultat moyen est 11 sur 25
Statistiques - réponses
Mots Chansons % Correct
Ils ont pas tenté leurs chances Dommage
85%
Il a buté sa famille Monsieur tout le monde
84%
La vie d'une péripatéticienne Salope !
82%
Leur voyage en France Bienvenue chez moi
69%
Des messages des fans Répondez moi
68%
Une ado sur les réseaux Copier / Coller
59%
Il veut se suicider Autre part
57%
Un braquage qui tourne mal Le bijoutier
57%
Il fait une insomnie Dans mon lit
56%
C'est des gars normaux Gangsta
52%
Ariel a malheureusement rencontré Eric Château de sable
49%
La mort arrive, mais elle à changer d'avis Marco
48%
Les ados de nos jours Jeunesse influençable
44%
La vie à l'ancienne Coup de vieux
40%
Une proche qui est décédée Rendez vous là haut
36%
Ils se sont fait quitter Promesses
34%
Pas besoin d'avoir de la chance pour réussir Trèfle
34%
Un petit ourson Booba
33%
Ils étaient comme nous avant Fan
28%
Le monde dans plusieurs années Ferme les yeux
25%
C'est dur de quitter Toulouse et Nancy Pachémwa
19%
Si t'es nul, demande de l'aide à l'IA ChatGPT
17%
Ils sont différents mais ils se ressemblent aussi Pas du même monde
13%
Faut profiter de notre vie One life
3%
La routine est fatiguante Pour un flirt avec la crise
1%
Aucun quiz correspondant
Distribution des résultats
% des personnes avec chaque résultat
Percentile par nombre de réponses
Votre historique - résultats
Vous n’avez pas pris ce quiz